E-banking in India / (Record no. 1321069)
[ view plain ]
| 000 -LEADER | |
|---|---|
| fixed length control field | 01081nam a2200337 a 4500 |
| 001 - CONTROL NUMBER | |
| control field | vtls001889438 |
| 003 - CONTROL NUMBER IDENTIFIER | |
| control field | NLI |
| 005 - DATE AND TIME OF LATEST TRANSACTION | |
| control field | 20210629114643.0 |
| 008 - FIXED-LENGTH DATA ELEMENTS--GENERAL INFORMATION | |
| fixed length control field | 160406s2013 ii 001 0 eng |
| 020 ## - INTERNATIONAL STANDARD BOOK NUMBER | |
| International Standard Book Number | 9789382730095 |
| Terms of availability | Rs.995.00 |
| 039 #9 - LEVEL OF BIBLIOGRAPHIC CONTROL AND CODING DETAIL [OBSOLETE] | |
| Level of rules in bibliographic description | 201604121129 |
| Level of effort used to assign nonsubject heading access points | santanuc |
| -- | 201604061210 |
| -- | swapankp |
| 040 ## - CATALOGING SOURCE | |
| Original cataloging agency | NLI : |
| Language of cataloging | eng |
| 041 0# - LANGUAGE CODE | |
| Language code of text/sound track or separate title | eng |
| 044 ## - COUNTRY OF PUBLISHING/PRODUCING ENTITY CODE | |
| MARC country code | ii |
| 060 ## - NATIONAL LIBRARY OF MEDICINE CALL NUMBER | |
| Classification number | Kanpur : |
| Item number | Garima Prakashan, |
| -- | 2013 |
| 082 04 - DEWEY DECIMAL CLASSIFICATION NUMBER | |
| Classification number | 332.1780954 |
| Edition number | 22 |
| 100 1# - MAIN ENTRY--PERSONAL NAME | |
| Personal name | Joshi, V. N. |
| 9 (RLIN) | 1163306 |
| 245 10 - TITLE STATEMENT | |
| Title | E-banking in India / |
| Statement of responsibility, etc. | V. N. Joshi |
| 300 ## - PHYSICAL DESCRIPTION | |
| Extent | 296 p. ; |
| Dimensions | 22 cm. |
| 504 ## - BIBLIOGRAPHY, ETC. NOTE | |
| Bibliography, etc. note | Includes bibliographical references and index |
| 650 #0 - SUBJECT ADDED ENTRY--TOPICAL TERM | |
| Topical term or geographic name entry element | Internet banking |
| Geographic subdivision | India |
| 9 (RLIN) | 999387 |
| 887 ## - NON-MARC INFORMATION FIELD | |
| Content of non-MARC field | Swapan Kumar Pailan Santanu Chanda |
| 901 ## - LOCAL DATA ELEMENT A, LDA (RLIN) | |
| a | DB146749 : |
| b | 24.03.14 |
| 902 ## - LOCAL DATA ELEMENT B, LDB (RLIN) | |
| a | E 332.1780954 J 78 |
| 904 ## - LOCAL DATA ELEMENT D, LDD (RLIN) | |
| a | Swapan Kumar Pailan |
| 905 ## - LOCAL DATA ELEMENT E, LDE (RLIN) | |
| a | Santanu Chanda |
| 949 ## - LOCAL PROCESSING INFORMATION (OCLC) | |
| -- | VIRTUAITEM |
| -- | 10000 |
| -- | 100 |
| 6 | DBA000146749ENG |
| 942 ## - ADDED ENTRY ELEMENTS (KOHA) | |
| Source of classification or shelving scheme | Dewey Decimal Classification |
| Koha item type | Books |
| Withdrawn status | Lost status | Damaged status | Not for loan | Collection code | Home library | Current library | Shelving location | Date acquired | Total Checkouts | Full call number | Barcode | Date last seen | Price effective from | Koha item type |
|---|---|---|---|---|---|---|---|---|---|---|---|---|---|---|
| New English | National Library of India | National Library of India | New English - Main Stack Division | E 332.1780954 J 78 | DBA000146749ENG | 29/06/2021 | 29/06/2021 | Books |
